000 00523nam a2200169 i 4500
001 88611
003 ES-MaACL
005 20230906175907.0
007 t|
008 050105s1972 sp ||||1| spa d
100 1 _aLamy, Maurice.
_969880
245 1 0 _aTemperamentos y predisposición a las enfermedades /
_cMaurice Lamy ; versión, Laura García Corella.
260 _aBilbao :
_bFHER,
_c[1972]
300 _a206 p. :
_bil. ;
_c20 cm.
700 1 _aGarcía Corella, Laura.
_954384
852 _aES-MaACL
_jC-48627
_bR.83928
999 _c88611
_d88611